000 00299nam a22001337a 4500
008 170516b xxu||||| |||| 00| 0 eng d
020 _a9780321182807
041 _aeng
080 _24TH
_a94(100)
100 _a16
101 _aSHH
245 _aWORLD CIVILIZATIONS
_cSTEARNS,P.N
942 _2udc
_cBK
999 _c13444
_d13444